| 000 | 00709nam a22002297a 4500 | ||
|---|---|---|---|
| 005 | 20170124105952.0 | ||
| 010 | _aA-938067 | ||
| 020 |
_c00.00 _a817036700 |
||
| 035 | _aA-938067 | ||
| 037 | _bCen Lib/Ret | ||
| 040 |
_aDPL _bEN |
||
| 082 |
_a338.0021 _bMOH |
||
| 100 |
_aMohnot, S.R. _913910 |
||
| 245 |
_aCier's industrial databook 1998 / _cby S.R. Mohnot |
||
| 260 |
_aNew Delhi _bSage Publications _c1998 |
||
| 270 |
_bNew Delhi _aM-32, market, graeter kailash-1 _e110048 |
||
| 300 |
_a1079p. _c22cm(Hb) |
||
| 500 | _aInclude bibliographical references and index | ||
| 650 |
_aEconomics _990138 |
||
| 650 |
_zDevelopment & Planning _910392 |
||
| 942 |
_2ddc _cEN _h338.0021 _mMOH |
||
| 999 |
_c125373 _d125373 |
||